Victoria 2 Provinces of Spain Quiz - Statistics

General Stats
  • This quiz has been taken 47 times
  • The average score is 30 of 43
Answers on the Map
Answers color-coded by a green-red scale on the quiz's map according to % correct below.
 
Answer Stats
Answer % Correct
Barcelona
95%
Madrid
95%
Valencia
95%
Cadiz
93%
Bilbao
88%
Granada
88%
Malaga
88%
Murcia
88%
Toledo
88%
Seville
86%
Zaragoza
86%
Cartagena
81%
Cordoba
79%
Gerona
76%
Leon
76%
Pamplona
76%
Valladolid
76%
Jaen
74%
Alicante
71%
Burgos
71%
La Coruna
71%
Tarragona
71%
Almeria
69%
Badajoz
69%
Huelva
69%
Huesca
69%
Santander
69%
Salamanca
67%
Vigo
67%
Balearic Islands
64%
Oviedo
64%
Castellon
60%
Caceres
57%
Ciudad Real
57%
Cuenca
55%
Albacete
52%
Avila
50%
Soria
48%
Teruel
48%
Logrono
45%
Lerida
38%
Siguenza
24%
Almendralejo
7%
No matching quizzes found
Score Distribution
Percent of People with Each Score
Percentile by Number Answered
Your Score History
You have not taken this quiz